| 000 | 01400cam a22003255i 4500 | ||
|---|---|---|---|
| 999 |
_c27831 _d27802 |
||
| 001 | 16960885 | ||
| 003 | EG-ScBUE | ||
| 005 | 20191204134151.0 | ||
| 008 | 110914r20121998enka f b 001 0 eng d | ||
| 020 | _a9780415699341 (pbk.) | ||
| 040 |
_aDLC _beng _erda _cDLC _dDLC _dEG-ScBUE |
||
| 082 | 0 | 4 |
_a418 _bCAR _222 |
| 100 | 1 |
_aCarter, Ronald, _d1947-2018, _eauthor. |
|
| 245 | 1 | 0 |
_aVocabulary : _bapplied linguistic perspectives / _cRonald Carter. |
| 264 | 1 |
_aAbingdon, Oxon ; _aNew York : _bRoutledge / Taylor & Francis Group, _c2012. |
|
| 300 |
_axii, 305 pages : _billustrations ; _c24 cm. |
||
| 336 |
_atext _btxt _2rdacontent |
||
| 337 |
_aunmediated _bn _2rdamedia |
||
| 338 |
_avolume _bnc _2rdacarrier |
||
| 490 | 0 | _aRoutledge linguistics classics | |
| 500 | _aOriginal publication : 1998. | ||
| 500 | _a"First published in Routledge linguistics classics, 2012." | ||
| 504 | _aIncludes bibliographical references and index. | ||
| 505 | 0 | _aWhat's in a word -- The notion of core vocabulary -- Words and patterns -- Lexis and discourse -- Lexis and literary stylistics -- Lexis and lexicography -- Learning and teaching vocabulary -- Case study : lexis, tones and ironies -- Case study : style, lexis and the dictionary. | |
| 650 | 7 |
_aLexicology. _2BUEsh |
|
| 650 | 7 |
_aVocabulary _xStudy and teaching. _2BUEsh |
|
| 653 |
_bHHUUEENN _cNovember2019 |
||
| 655 | _vReading book | ||
| 942 |
_2ddc _cBB |
||